| 000 | 00859nas a2200265 4500 | ||
|---|---|---|---|
| 001 | BR8207096 | ||
| 003 | BR-BrBNA | ||
| 005 | 20231205085344.0 | ||
| 007 | ta | ||
| 008 | 230509b bl.|||p| |||| 00| 00por d | ||
| 040 |
_aBR-BrBNA _bpor _cBiblioteca Nacional de Agricultura |
||
| 041 | _a(Pt) | ||
| 072 | _aJ10 | ||
| 100 | 1 | _aRivera, J.R. | |
| 100 | 1 | _aMonteiro, L.B. | |
| 100 | 1 | _aLago, I.C.S. | |
| 245 | 1 | _aAcao do gorgulho Acanthoscelides obtectus (Say, 1831)(Coleoptera-bruchidae), na depreciacao quantitativa e qualitativa de sementes de feijao (Phaseolus vulgaris L.) | |
| 650 | _aFEIJAO | ||
| 650 | _aPRAGA DE PRODUTO ARMAZENADO | ||
| 650 | _aGORGULHO | ||
| 650 | _aCARUNCHO | ||
| 773 | 0 |
_tAgros (Brazil) _xISSN 0365-2742 _g(Jan-Jun 1982), v. 17(1-2) p. 37-41 _wBR8207096 |
|
| 909 |
_a202311 _bLúcia _c55 _dLúcia Elande |
||
| 942 |
_2AGRIS _n0 _cANA |
||
| 999 |
_c110943 _d110943 |
||